01219 a2200193 45000010006000000050017000060080041000230030015000640400040000790800053001192450101001720200022002732640096002953000019003915050427004101000021008377000020008588560147008781165720260407155440.0260407a2012 arg spa dAR-UNSa-BCEJYS aAR-UNSa-BCEJYSbspacAR-UNSa-BCEJYS a339.5xComercio exterior. Comercio Internacional10aChina y América Latina y el CaribepHacia una relación económica y comercial estratégica a978-92-1-221089-6 1aSantiago de Chile :bCEPAL (Comisión Económica para América Latina y el Caribe)c2012 a251 p.c22 cm. a1. Principales características y desempeño económico y comercial de China - 2. Vículos comerciales de China con América Latina y el Caribe: Hacia una relación estratégica - 3. Tendencias divergentes de la integración de facto en Asia y el Pâcífico, en América Latina y el Caribe y entre ambas regiones - 4. Aspectos estratégicos de la relación comercial entre China y América Latina y el Caribe1 aRosales, Osvaldo1 aKuwayama, Mikio41uhttps://biblioeco.unsa.edu.ar/pmb/images/libros/China y Am?rica Latina y el Caribe Rosales, Osvaldo (2012).jpgyImagen de portadaqimage/jpeg